000
00228 a2200097 4500
001
27492
100
_a
Gibbons, G
245
_a
Avalanche diode Microwave Oscillators
260
_a
_b
Clarendon Press
_c
1973
090
_c
18286
_d
18286
942
_a
NUST-CAE
_c
M
_c
9209
999
_c
262565
_d
262565